| 000 | 00581nam a2200133Ia 4500 | ||
|---|---|---|---|
| 008 | 160809s9999 xx 000 0 und d | ||
| 100 | _aVasiljevic, Jelena. | ||
| 245 | _aMedical Imaging Mutifractal Analysis in Prediction of Efficiency of Cancer Therapy | ||
| 245 | _cJelena Vasiljevic, Natasa Zivic, Jelena Pribic, Ksenija Kanjer, Wojtek Jonakowski1, Jelena Sopta, Dragica Nikolic-Vukosavljevic and Marko Radulovic. | ||
| 260 | _bComputer Science and Information Technology | ||
| 260 | _cJune 2016 | ||
| 650 | _xINFORMATION TECHNOLOGY | ||
| 856 | _uhttp://airccse.org/V6N55.html | ||
| 999 |
_c300129 _d300129 |
||